000 00302nam a22001337a 4500
008 181015b xxu||||| |||| 00| 0 eng d
020 _a0882297783
041 _aeng
080 _a940
100 _a16
101 _aSHH
245 _aPopular culture and American life
_cLaforse,M.W
942 _2udc
_cBK
999 _c49701
_d49701